NFL Draft 2002 Quarterbacks Drafted - Statistics

General Stats
  • This quiz has been taken 8 times
  • The average score is 2 of 16
Answer Stats
Round Player Team College % Correct
1 David Carr Texans Fresno State
88%
1 Joey Harrington Lions Oregon
50%
1 Patrick Ramsey Redskins Tulane
38%
4 David Garrard Jaguars East Carolina
25%
3 Josh McCown Cardinals Sam Houston State
13%
5 Brandon Doman 49ers Brigham Young
0%
5 Craig Nall Packers Northwestern State (LA)
0%
7 Jeff Kelly Seahawks Southern Mississippi
0%
6 J.T. O'Sullivan Saints California-Davis
0%
5 Kurt Kittner Falcons Illinois
0%
5 Randy Fasani Panthers Stanford
0%
4 Rohan Davey Patriots Louisiana State
0%
7 Ronald Curry Raiders North Carolina
0%
7 Seth Burford Chargers Cal Poly-San Luis Obispo
0%
6 Steve Bellisari Rams Ohio State
0%
7 Wes Pate Ravens Stephen F. Austin
0%
No matching quizzes found
Score Distribution
Percent of People with Each Score
Percentile by Number Answered
Your Score History
You have not taken this quiz